000 01113nam a22003017a 4500
001 5934
003 FISKH
005 20250210093726.0
008 250210b cb ||||| |||| 00| 0 eng d
020 _a9781338037043
040 _aFISKH
_beng
_cFISKH
_dFISKH
050 _aPZ7.C1442 E
082 _a813.6
100 _aCameron, W.Bruce
_d(1960-)
245 _aEllie's Story :
_bA dog's purpose novel /
_cW.Bruce Cameron ; Illustrations by Richard Cowdrey
250 _aFirst edition published in 2016
260 _aNew York :
_bScholastic,
_c2015.
300 _a205 pages :
_billustrations ;
_c20 cm
505 _aP
520 _aTrained as a search-and-rescue dog since puppyhood, Ellie can track and find people who are physically lost, but it is her owners, widower Jakob and lonely Maya, who challenge her to find a way to save people who are lost in other ways.
521 8 _a620
_bLexile
521 8 _aP
_bRaz-Plus
650 _2Realistic fiction
_aAnimal fiction
651 _2Dogs
_aA Puppy Tale Series
700 _aCowdrey, Richard
_dillustrator
942 _2ddc
_cBK
_n0
999 _c5934
_d5934